000 00818nam a2200265 a 4500
001 20765
003 BD-RjUL
005 20211209000616.0
008 140302s1959 nyua 000 0 eng d
020 _a0070990093
035 _a(BD-RjUL)20827
040 _aDLC
_cDLC
_dm.c.
_dMYG
_dBD-RjUL
_beng
041 _aeng
082 0 4 _a515.63
_bSPS 1959
090 _aQA261
_b.S855
099 _aQA261.S855
100 1 _aSpiegel, Murray R.
_923120
245 1 0 _aSchaum's outline of theory and problems of vector analysis and an introduction to tensor analysis /
_c Murray R. Spiegel.
260 _aNew York :
_bSchaum Pub. Co.
_cc1959
300 _a225 p. :
_bill.;
_c28 cm.
490 1 _aSchaum's outline series
650 0 _aVector analysis.
_920448
830 0 _aSchaum's outline series.
_9219280
942 _2ddc
_cBK
_03
999 _c20765
_d20765